[Event "Madrid ch 2021-2022 Semifinal"]
[Site "Madrid ESP"]
[Date "2022.05.13"]
[Round "9.2"]
[White "Bravo De La Vega, Alvaro"]
[Black "Ruiz Buendia, Miguel"]
[Result "0-1"]
[WhiteElo "2082"]
[BlackElo "2162"]
[PlyCount "60"]
[EventDate "2022.05.04"]
[EventType "swiss"]
[EventRounds "9"]
[EventCountry "ESP"]
[SourceTitle "Ajedrez en Madrid"]
[Source "lmi"]
[SourceDate "2022.05.04"]
[SourceVersion "1"]
[SourceVersionDate "2022.05.15"]
[SourceQuality "1"]

1. e4 c5 2. Nc3 d6 3. d4 cxd4 4. Qxd4 Nc6 5. Qd2 g6 6. b3 Bh6 7. f4 Nf6 8. Bb2
e5 9. g3 O-O 10. O-O-O Be6 11. Kb1 Qa5 12. Be2 Rac8 13. h4 exf4 14. gxf4 Nh5
15. Bxh5 Qxh5 16. Nge2 Rfd8 17. Nd5 Bxd5 18. exd5 Ne5 19. Rdf1 Re8 20. Ng3 Qg4
21. h5 Qxg3 22. hxg6 fxg6 23. Rxh6 Nf3 24. Rxf3 Qxf3 25. a3 Qe4 26. Qh2 Rc7 27.
f5 Qxf5 28. Qxd6 Rxc2 29. Ka2 Rxb2+ 30. Kxb2 Qf2+ 0-1

[Event "Madrid ch 2021-2022 Semifinal"]
[Site "Madrid ESP"]
[Date "2022.05.13"]
[Round "9.3"]
[White "Centeno Mendoza, Julio Stefano"]
[Black "Ruiz Vazquez, Javier"]
[Result "1-0"]
[WhiteElo "2050"]
[BlackElo "1960"]
[PlyCount "101"]
[EventDate "2022.05.04"]
[EventType "swiss"]
[EventRounds "9"]
[EventCountry "ESP"]
[SourceTitle "Ajedrez en Madrid"]
[Source "lmi"]
[SourceDate "2022.05.04"]
[SourceVersion "1"]
[SourceVersionDate "2022.05.15"]
[SourceQuality "1"]

1. e4 c5 2. c3 Nf6 3. e5 Nd5 4. Bc4 Nb6 5. Bb3 c4 6. Bc2 d6 7. exd6 Qxd6 8. Nf3
Qe6+ 9. Qe2 f6 10. b3 Qxe2+ 11. Kxe2 Nc6 12. h3 Be6 13. Na3 O-O-O 14. Rd1 Bf7
15. Nxc4 Nxc4 16. bxc4 Bxc4+ 17. d3 Bf7 18. Bb3 Bxb3 19. axb3 e5 20. Be3 a6 21.
b4 Bd6 22. Rdb1 Rd7 23. b5 Nb8 24. Nd2 axb5 25. Ra8 Rhd8 26. Ne4 f5 27. Nxd6+
Rxd6 28. Rxb5 Re8 29. Ba7 Kc7 30. Bxb8+ Rxb8 31. Rxb8 Kxb8 32. Rxe5 g6 33. Re7
h6 34. d4 Ka7 35. Kd3 f4 36. h4 g5 37. hxg5 hxg5 38. Rg7 Rd5 39. f3 Kb6 40. c4
Ra5 41. Rg6+ Kc7 42. Ke4 Ra4 43. c5 b5 44. cxb6+ Kb7 45. Rxg5 Rc4 46. Rc5 Rb4
47. Rc2 Ra4 48. Ke5 Ra5+ 49. Kxf4 Rd5 50. Ke4 Rd6 51. d5 1-0

[Event "Madrid ch 2021-2022 Semifinal"]
[Site "Madrid ESP"]
[Date "2022.05.13"]
[Round "9.4"]
[White "Rottenwohrer Suarez, Juan"]
[Black "Barez Menendez, Hector"]
[Result "1-0"]
[WhiteElo "2256"]
[BlackElo "2066"]
[PlyCount "71"]
[EventDate "2022.05.04"]
[EventType "swiss"]
[EventRounds "9"]
[EventCountry "ESP"]
[SourceTitle "Ajedrez en Madrid"]
[Source "lmi"]
[SourceDate "2022.05.04"]
[SourceVersion "1"]
[SourceVersionDate "2022.05.15"]
[SourceQuality "1"]

1. d4 d5 2. c4 e6 3. g3 Nf6 4. Bg2 Be7 5. Nf3 O-O 6. O-O dxc4 7. Qc2 a6 8. a4
c5 9. dxc5 Nc6 10. Na3 c3 11. bxc3 Bxc5 12. Nc4 Nd7 13. Ng5 Nf6 14. Bf4 h6 15.
Nf3 Nd5 16. Rfd1 Qf6 17. Bd2 Nde7 18. e4 e5 19. Be3 Be6 20. Bxc5 Bxc4 21. Rd6
Be6 22. Rb1 Rab8 23. Nd2 Rfd8 24. Rxd8+ Nxd8 25. Nf1 Bd7 26. Ne3 b6 27. Bf1 Bc8
28. Nc4 b5 29. Nd6 Ne6 30. Ba3 Ng6 31. axb5 axb5 32. Rxb5 Rxb5 33. Bxb5 Qd8 34.
Qa4 Nef8 35. Qa8 Ne7 36. Ba6 1-0

[Event "Madrid ch 2021-2022 Semifinal"]
[Site "Madrid ESP"]
[Date "2022.05.13"]
[Round "9.5"]
[White "Rey Martinez, Jaime"]
[Black "Martinez Fernandez, Raul"]
[Result "1/2-1/2"]
[WhiteElo "2055"]
[BlackElo "2204"]
[PlyCount "20"]
[EventDate "2022.05.04"]
[EventType "swiss"]
[EventRounds "9"]
[EventCountry "ESP"]
[SourceTitle "Ajedrez en Madrid"]
[Source "lmi"]
[SourceDate "2022.05.04"]
[SourceVersion "1"]
[SourceVersionDate "2022.05.15"]
[SourceQuality "1"]

1. e4 e5 2. Nf3 Nc6 3. Bb5 a6 4. Ba4 d6 5. d4 Bd7 6. Bxc6 Bxc6 7. Nc3 Nf6 8.
Qe2 Qe7 9. O-O g6 10. Bg5 Bg7 1/2-1/2

[Event "Madrid ch 2021-2022 Semifinal"]
[Site "Madrid ESP"]
[Date "2022.05.13"]
[Round "9.6"]
[White "Gueler Berdasco, Martin"]
[Black "Rodriguez Melendez, Juan Humberto"]
[Result "0-1"]
[WhiteElo "1946"]
[BlackElo "2098"]
[PlyCount "80"]
[EventDate "2022.05.04"]
[EventType "swiss"]
[EventRounds "9"]
[EventCountry "ESP"]
[SourceTitle "Ajedrez en Madrid"]
[Source "lmi"]
[SourceDate "2022.05.04"]
[SourceVersion "1"]
[SourceVersionDate "2022.05.15"]
[SourceQuality "1"]

1. c4 Nf6 2. g3 g6 3. Bg2 Bg7 4. Nc3 O-O 5. e4 d6 6. Nge2 c5 7. O-O Nc6 8. d4
cxd4 9. Nxd4 Bd7 10. Be3 Ng4 11. Nxc6 bxc6 12. Bd4 e5 13. Be3 Nxe3 14. fxe3 Be6
15. b3 Qe7 16. Qe2 h5 17. Rad1 Rfd8 18. Rd3 Bf8 19. Rfd1 Qg5 20. Qf1 h4 21.
gxh4 Qxh4 22. Qf2 Qxf2+ 23. Kxf2 Be7 24. Ne2 Kg7 25. Ng1 Rh8 26. h3 a5 27. Kg3
a4 28. Bf3 Rhb8 29. Rc1 axb3 30. axb3 Ra2 31. Bd1 f5 32. exf5 gxf5 33. Rdc3 Rb2
34. Nf3 Kh6 35. Bc2 Bf6 36. e4 Rg8+ 37. Kf2 fxe4 38. Ng1 Bd8 39. Ne2 e3+ 40.
Kxe3 Bg5+ 0-1

[Event "Madrid ch 2021-2022 Semifinal"]
[Site "Madrid ESP"]
[Date "2022.05.13"]
[Round "9.7"]
[White "Neagu, Roberto Florin"]
[Black "Longa Yauca, Javier"]
[Result "1/2-1/2"]
[WhiteElo "2076"]
[BlackElo "2259"]
[PlyCount "108"]
[EventDate "2022.05.04"]
[EventType "swiss"]
[EventRounds "9"]
[EventCountry "ESP"]
[SourceTitle "Ajedrez en Madrid"]
[Source "lmi"]
[SourceDate "2022.05.04"]
[SourceVersion "1"]
[SourceVersionDate "2022.05.15"]
[SourceQuality "1"]

1. c4 Nf6 2. Nc3 e6 3. e4 d6 4. d4 Be7 5. Nf3 d5 6. e5 Ne4 7. Bd3 Nxc3 8. bxc3
O-O 9. h4 f5 10. exf6 gxf6 11. Ng5 f5 12. Nxh7 Kxh7 13. Qh5+ Kg8 14. Qg6+ Kh8
15. Qh5+ Kg8 16. Qg6+ Kh8 17. Rh3 Bd6 18. Qh5+ Kg8 19. Qg6+ Kh8 20. c5 Bh2 21.
Rxh2 Qf6 22. Qh5+ Kg7 23. Bg5 Qg6 24. Qe2 Nc6 25. f4 Bd7 26. g4 Qf7 27. Rg2 Rh8
28. Bb5 Kh7 29. O-O-O Rhg8 30. Rdg1 Rae8 31. Bxc6 Bxc6 32. Qe5 Bb5 33. Bf6 Rxg4
34. Rxg4 fxg4 35. Rxg4 Rg8 36. Rxg8 Kxg8 37. Qg5+ Kh7 38. Be5 Bd3 39. Kd2 Bf5
40. Qd8 Qg8 41. Qe7+ Kh6 42. Qg5+ Qxg5 43. hxg5+ Kg6 44. Bxc7 Bb1 45. a4 Ba2
46. Kc2 Bc4 47. Kb2 Kf5 48. Ka3 Be2 49. Kb4 Bh5 50. c6 bxc6 51. Ka5 Be2 52. Kb4
Bd1 53. Bb8 a6 54. Be5 Kg6 1/2-1/2

[Event "Madrid ch 2021-2022 Semifinal"]
[Site "Madrid ESP"]
[Date "2022.05.13"]
[Round "9.8"]
[White "Garcia Dorado, Alberto"]
[Black "Vaquerizo Calvo, Miguel Arturo"]
[Result "0-1"]
[WhiteElo "2220"]
[BlackElo "2057"]
[PlyCount "72"]
[EventDate "2022.05.04"]
[EventType "swiss"]
[EventRounds "9"]
[EventCountry "ESP"]
[SourceTitle "Ajedrez en Madrid"]
[Source "lmi"]
[SourceDate "2022.05.04"]
[SourceVersion "1"]
[SourceVersionDate "2022.05.15"]
[SourceQuality "1"]

1. d4 Nf6 2. c4 c5 3. d5 e6 4. Nc3 exd5 5. cxd5 d6 6. Nf3 g6 7. Bf4 Bg7 8. h3
O-O 9. e3 a6 10. a4 Ne8 11. Nd2 Nd7 12. Be2 Ne5 13. O-O Bf5 14. g4 Bd7 15. Bg3
f5 16. f4 Nf7 17. e4 Bd4+ 18. Kg2 Nf6 19. Bf3 b5 20. Bf2 Bxf2 21. Rxf2 b4 22.
Ncb1 fxe4 23. Nxe4 Nxe4 24. Bxe4 Qh4 25. Rf3 Bxg4 26. hxg4 Qxg4+ 27. Kf2 Ng5
28. fxg5 Qxe4 29. Nd2 Qh4+ 30. Kg2 Qxg5+ 31. Rg3 Qf6 32. Nc4 Qf2+ 33. Kh3 Rae8
34. Nxd6 Re2 35. Qd3 Qh2+ 36. Kg4 Qh5# 0-1

[Event "Madrid ch 2021-2022 Semifinal"]
[Site "Madrid ESP"]
[Date "2022.05.13"]
[Round "9.10"]
[White "Barraza Caracuel, Ignacio"]
[Black "Feal Albala, Alonso"]
[Result "1-0"]
[WhiteElo "2100"]
[BlackElo "1892"]
[PlyCount "75"]
[EventDate "2022.05.04"]
[EventType "swiss"]
[EventRounds "9"]
[EventCountry "ESP"]
[SourceTitle "Ajedrez en Madrid"]
[Source "lmi"]
[SourceDate "2022.05.04"]
[SourceVersion "1"]
[SourceVersionDate "2022.05.15"]
[SourceQuality "1"]

1. d4 Nf6 2. Nf3 c5 3. d5 e6 4. c4 exd5 5. cxd5 d6 6. Nc3 g6 7. Bg5 Bg7 8. e3
a6 9. a4 Bg4 10. Be2 Qb6 11. Ra2 h6 12. Bh4 Bxf3 13. Bxf3 Nfd7 14. O-O Ne5 15.
Be2 O-O 16. f4 Ned7 17. a5 Qc7 18. e4 Re8 19. Bf3 c4 20. Qa4 Rf8 21. Kh1 b5 22.
axb6 Nxb6 23. Qb4 N8d7 24. Be7 Rfe8 25. Bxd6 Qd8 26. e5 Ra7 27. Nb5 Rb7 28.
Rxa6 Qh4 29. g3 Qh3 30. Bg2 Qf5 31. Nd4 Qd3 32. Qc3 Nc8 33. Qxd3 cxd3 34. Ba3
Ncb6 35. d6 Rbb8 36. Nc6 Ra8 37. Ne7+ Rxe7 38. Rxa8+ 1-0

[Event "Madrid ch 2021-2022 Semifinal"]
[Site "Madrid ESP"]
[Date "2022.05.13"]
[Round "9.11"]
[White "Palomo Monserrat, Lorenzo"]
[Black "Sanchez Garcia, Aurelio"]
[Result "1/2-1/2"]
[WhiteElo "1862"]
[BlackElo "1988"]
[PlyCount "99"]
[EventDate "2022.05.04"]
[EventType "swiss"]
[EventRounds "9"]
[EventCountry "ESP"]
[SourceTitle "Ajedrez en Madrid"]
[Source "lmi"]
[SourceDate "2022.05.04"]
[SourceVersion "1"]
[SourceVersionDate "2022.05.15"]
[SourceQuality "1"]

1. d4 d6 2. e4 Nf6 3. Nc3 g6 4. Be2 Bg7 5. Be3 a6 6. f4 O-O 7. Qd2 Nc6 8. d5
Nb8 9. Nf3 c6 10. dxc6 Nxc6 11. O-O-O b5 12. h3 b4 13. e5 dxe5 14. Qe1 Qa5 15.
fxe5 bxc3 16. exf6 cxb2+ 17. Kb1 Qxe1 18. Rhxe1 Bxf6 19. Nd4 Nxd4 20. Bxd4 Be6
21. Bxf6 exf6 22. Kxb2 Rab8+ 23. Ka1 Rfc8 24. Rb1 Rxb1+ 25. Kxb1 a5 26. Rc1 Bc4
27. Bf3 f5 28. Rd1 Kg7 29. Rd7 Rc5 30. a4 Kf6 31. Rb7 Ke5 32. g3 h5 33. Kc1 h4
34. gxh4 Kf4 35. Bd1 Kg3 36. h5 gxh5 37. Bxh5 f4 38. Bxf7 f3 39. Bxc4 Rxc4 40.
Rg7+ Kxh3 41. Kd2 Rxa4 42. Ke3 Ra3+ 43. Kf2 Rc3 44. Rg1 a4 45. Ra1 a3 46. Rg1
Kh4 47. Rg8 a2 48. Ra8 Rxc2+ 49. Kxf3 Kg5 50. Ke3 1/2-1/2

[Event "Madrid ch 2021-2022 Semifinal"]
[Site "Madrid ESP"]
[Date "2022.05.13"]
[Round "9.12"]
[White "Lopez Herrero, Israel"]
[Black "Simonyan, Arturo"]
[Result "0-1"]
[WhiteElo "1824"]
[BlackElo "1895"]
[PlyCount "58"]
[EventDate "2022.05.04"]
[EventType "swiss"]
[EventRounds "9"]
[EventCountry "ESP"]
[SourceTitle "Ajedrez en Madrid"]
[Source "lmi"]
[SourceDate "2022.05.04"]
[SourceVersion "1"]
[SourceVersionDate "2022.05.15"]
[SourceQuality "1"]

1. e4 c5 2. Nf3 d6 3. d4 cxd4 4. Nxd4 Nf6 5. Nc3 a6 6. h3 e6 7. g4 Be7 8. Bg2
Nfd7 9. Be3 Nc6 10. Qd2 O-O 11. O-O Nxd4 12. Qxd4 b5 13. a4 bxa4 14. Nxa4 Bb7
15. Nb6 e5 16. Qb4 d5 17. Qa5 d4 18. Nxd7 Qxd7 19. Bd2 Qe6 20. b3 Rac8 21. Rac1
Rc5 22. Qa4 Rfc8 23. Bb4 R5c7 24. Bxe7 Qxe7 25. Qa5 Rc3 26. f4 d3 27. Rf2 Qc5
28. b4 Qxf2+ 29. Kxf2 Rxc2+ 0-1

[Event "Madrid ch 2021-2022 Semifinal"]
[Site "Madrid ESP"]
[Date "2022.05.13"]
[Round "9.13"]
[White "Armenteros Peral, Javier"]
[Black "Marcos Herrero, Francisco"]
[Result "1/2-1/2"]
[WhiteElo "2000"]
[BlackElo "1939"]
[PlyCount "111"]
[EventDate "2022.05.04"]
[EventType "swiss"]
[EventRounds "9"]
[EventCountry "ESP"]
[SourceTitle "Ajedrez en Madrid"]
[Source "lmi"]
[SourceDate "2022.05.04"]
[SourceVersion "1"]
[SourceVersionDate "2022.05.15"]
[SourceQuality "1"]

1. e4 c5 2. Nf3 Nc6 3. d4 cxd4 4. Nxd4 g6 5. Nc3 Bg7 6. Be3 Nf6 7. h3 O-O 8. g3
d5 9. Bg2 Nxe4 10. Nxe4 dxe4 11. Nxc6 bxc6 12. c3 Ba6 13. Qa4 Qd3 14. Qd1 Rfd8
15. Qxd3 Bxd3 16. O-O-O a5 17. Bf1 a4 18. a3 Rab8 19. Bxd3 exd3 20. Rhe1 Bf6
21. Bc5 e5 22. Re4 Rd5 23. Rc4 Ra8 24. Be3 Ra6 25. f4 Bg7 26. fxe5 Bxe5 27. g4
f6 28. Bd4 c5 29. Rxc5 Rxc5 30. Bxc5 Bf4+ 31. Kb1 d2 32. Kc2 Re6 33. b4 axb3+
34. Kxb3 Re1 35. Kc2 Kf7 36. a4 Ke6 37. Bd4 f5 38. gxf5+ gxf5 39. a5 Kd7 40. a6
Kc6 41. Bf2 Re2 42. a7 Kb7 43. Bd4 Re1 44. Bf2 Re2 45. Ra1 Ka8 46. Bd4 Re1 47.
Rd1 Be3 48. Bxe3 Rxe3 49. Rxd2 Rxh3 50. Rd7 h5 51. c4 Ra3 52. Rh7 Rxa7 53. Rxh5
Ra3 54. Rxf5 Kb7 55. Kb2 Rh3 56. Rb5+ 1/2-1/2

[Event "Madrid ch 2021-2022 Semifinal"]
[Site "Madrid ESP"]
[Date "2022.05.13"]
[Round "9.14"]
[White "Bello Burguet, Glenier Lazaro"]
[Black "Santamaria Baeza, Adolfo"]
[Result "1-0"]
[WhiteElo "1993"]
[BlackElo "1870"]
[PlyCount "69"]
[EventDate "2022.05.04"]
[EventType "swiss"]
[EventRounds "9"]
[EventCountry "ESP"]
[SourceTitle "Ajedrez en Madrid"]
[Source "lmi"]
[SourceDate "2022.05.04"]
[SourceVersion "1"]
[SourceVersionDate "2022.05.15"]
[SourceQuality "1"]

1. d4 Nf6 2. c4 e6 3. Nf3 Bb4+ 4. Bd2 Nc6 5. g3 O-O 6. Bg2 d5 7. Qc2 Bxd2+ 8.
Nbxd2 Ne7 9. O-O c6 10. e4 dxe4 11. Nxe4 Nxe4 12. Qxe4 Qb6 13. b3 Qa5 14. Rfe1
Bd7 15. Ne5 Rad8 16. c5 b5 17. a4 b4 18. Nc4 Qc7 19. a5 Bc8 20. a6 Nd5 21. Nd6
Qd7 22. Bf1 Qc7 23. Bd3 g6 24. h4 Nc3 25. Qe5 f6 26. Qe3 Nd5 27. Qh6 Rxd6 28.
cxd6 Qxd6 29. h5 Rf7 30. hxg6 Rg7 31. gxh7+ Kh8 32. Re4 f5 33. Rh4 Rxg3+ 34.
Kh1 Rg7 35. Qxg7+ 1-0

[Event "Madrid ch 2021-2022 Semifinal"]
[Site "Madrid ESP"]
[Date "2022.05.13"]
[Round "9.15"]
[White "Moreno Torrero, Javier"]
[Black "Torres Rebolledo, Alvaro"]
[Result "1-0"]
[WhiteElo "1948"]
[BlackElo "1839"]
[PlyCount "119"]
[EventDate "2022.05.04"]
[EventType "swiss"]
[EventRounds "9"]
[EventCountry "ESP"]
[SourceTitle "Ajedrez en Madrid"]
[Source "lmi"]
[SourceDate "2022.05.04"]
[SourceVersion "1"]
[SourceVersionDate "2022.05.15"]
[SourceQuality "1"]

1. e4 e5 2. Nf3 Nc6 3. Bb5 a6 4. Ba4 Nf6 5. O-O Be7 6. Re1 b5 7. Bb3 O-O 8. c3
d5 9. exd5 Nxd5 10. Nxe5 Nxe5 11. Rxe5 c6 12. d4 Bd6 13. Re1 Qh4 14. g3 Qh3 15.
Be3 Bg4 16. Qd3 Rae8 17. Nd2 f5 18. Qf1 Qh5 19. f4 Kh8 20. Bxd5 cxd5 21. Bf2
Bh3 22. Qd3 h6 23. Qf3 Qf7 24. Rxe8 Rxe8 25. Re1 Rxe1+ 26. Bxe1 g5 27. fxg5
hxg5 28. Nf1 g4 29. Qe2 f4 30. gxf4 Bxf4 31. Bg3 Bxg3 32. Nxg3 Kg8 33. Qe3 Qg6
34. Kf2 Qf6+ 35. Ke2 Kf7 36. Qf2 Kg6 37. Qxf6+ Kxf6 38. Ke3 Kg5 39. Ne2 Bg2 40.
Nf4 Be4 41. Ne6+ Kh4 42. Kf2 Kh3 43. Kg1 a5 44. Ng5+ Kh4 45. Nxe4 dxe4 46. d5
Kg5 47. Kf2 Kf5 48. Ke3 Ke5 49. d6 Kxd6 50. Kxe4 Kc5 51. Kf4 Kc4 52. Kxg4 Kd3
53. h4 Kc2 54. h5 Kxb2 55. h6 Kxc3 56. h7 Kb2 57. h8=Q+ Kxa2 58. Qe5 a4 59.
Qxb5 a3 60. Qb4 1-0

[Event "Madrid ch 2021-2022 Semifinal"]
[Site "Madrid ESP"]
[Date "2022.05.13"]
[Round "9.16"]
[White "Baeza Escudero, Javier"]
[Black "Lorenzo Bailador, Alfredo"]
[Result "1-0"]
[WhiteElo "1874"]
[BlackElo "1962"]
[PlyCount "99"]
[EventDate "2022.05.04"]
[EventType "swiss"]
[EventRounds "9"]
[EventCountry "ESP"]
[SourceTitle "Ajedrez en Madrid"]
[Source "lmi"]
[SourceDate "2022.05.04"]
[SourceVersion "1"]
[SourceVersionDate "2022.05.15"]
[SourceQuality "1"]

1. e4 e5 2. Nf3 Nc6 3. d4 exd4 4. Nxd4 Bc5 5. Nb3 Bb6 6. Nc3 Qf6 7. Qe2 Nge7 8.
Be3 O-O 9. O-O-O Bxe3+ 10. Qxe3 a6 11. f4 d6 12. Be2 Qh4 13. g3 Qh3 14. Bf1 Qh6
15. h3 f5 16. Nd5 Nxd5 17. exd5 Na7 18. Nd4 Bd7 19. Bd3 Rae8 20. Qd2 Qf6 21.
Nf3 Nc8 22. Ng5 Nb6 23. c4 Qd4 24. Kb1 Qe3 25. Qg2 Na4 26. Nf3 Qe7 27. g4 Nc5
28. Bc2 Qe2 29. Qxe2 Rxe2 30. Nd4 Rf2 31. gxf5 a5 32. Rdf1 Rxf1+ 33. Rxf1 Rf6
34. Ne6 c6 35. Rg1 g6 36. fxg6 hxg6 37. f5 Bxe6 38. fxe6 Kg7 39. h4 Nxe6 40.
dxe6 Rxe6 41. h5 Re5 42. hxg6 d5 43. cxd5 Rxd5 44. Rh1 Rg5 45. Kc1 b5 46. Rh7+
Kg8 47. Bb3+ Kf8 48. Rf7+ Ke8 49. g7 c5 50. Rf8+ 1-0